The Israel Quiz Stats

 Plays Quiz Updated Dec 6, 2017

Also try: The Italy Quiz
Challenge
Share
Tweet
Embed
Score 0/49 Timer 07:00
2 Plays Today
Hint Answer % Correct
Flag ColorBlue
97.6%
Flag ColorWhite
96.8%
Capital CityJerusalem
93.9%
Symbol on FlagStar of David
90.6%
Largest ReligionJudaism
87.1%
ContinentAsia
86.8%
Longest RiverJordan River
86.3%
Bordering CountryJordan
86.2%
Bordering CountrySyria
83.4%
Official LanguageHebrew
82.5%
Drives on the...Right
81.4%
Bordering CountryEgypt
81.4%
Bordering CountryLebanon
80.6%
Second Largest CityTel Aviv
80.4%
Lowest Point (-408 m)Dead Sea
79.9%
Largest Salt LakeDead Sea
79.9%
Nationality (Demonym)Israeli
77.6%
Most Popular SportFootball (Soccer)
76.2%
Age of Suffrage18
75.6%
Official LanguageArabic
75%
Bordering SeaRed Sea
72.1%
Bordering SeaMediterranean Sea
66.7%
Bordering CountryPalestine
64.4%
Independence fromUnited Kingdom
60%
Prime MinisterBenjamin Netanyahu
53.8%
Hint Answer % Correct
Internet Country Code.il
52.7%
Son of David (King)Solomon
52.3%
CurrencyIsraeli New Shekel (ILS)
50.4%
Third Largest CityHaifa
48.6%
First Woman Prime MinisterGolda Meir
47.5%
First Prime MinisterDavid Ben-Gurion
37.2%
Official NameState of Israel
35%
Largest Freshwater LakeKinneret Lake (Sea of Galilee)
31.2%
Parliament buildingKnesset
30.8%
National AnthemHatikvah (The Hope)
27.1%
PresidentReuven Rivlin
20.1%
National TreeOlive Tree
19%
Main Symbol(s) on EmblemMenorah
16.3%
Independence DayMay 14, 1948
16.2%
Fifth Largest CityAshdod
10.9%
First PresidentChaim Weizmann
9.2%
Largest StadiumRamat Gan Stadium
6.3%
Fourth Largest CityRishon LeZion
6.1%
National DogCanaan Dog
5.6%
National BirdHoopoe
4.7%
Highest Point (1,208 m)Har Meron
4.4%
World's Largest SynagogueBelz Great Synagogue
3.3%
National FlowerAnemone coronaria
2.4%
Prime Minister ResidenceBeit Aghion
2.1%

You're not logged in!

Compare scores with friends on all Sporcle quizzes.
OR
Log In

You Might Also Like...

Show Comments

Extras

Top Quizzes Today


Score Distribution

Your Account Isn't Verified!

In order to create a playlist on Sporcle, you need to verify the email address you used during registration. Go to your Sporcle Settings to finish the process.

Report this User

Report this user for behavior that violates our Community Guidelines.

Details: